00526nam a22001577a 4500999001900000005001700019010001300036020002600049037002200075100002500097245008500122260003900207270007900246300002600325942001700351 c181784d18178420211006110402.0 aEN230921 a9789386446107c475.00 bSage Publications aChakrabarty, Bidyut  aIndian constitution: btext, context and interpretation /cby Bidyut Chakrabarty aNew DelhibSage Publicationsc2017 aB1/I-1, Mohan Cooperative Industrial Area, Mathura RoadbNew Delhie110044 axvi, 373p.c24cm(pbk) 2ddccENmCHA